000 00554nam a2200169 i 4500
001 78143
003 ES-MaACL
005 20230906173547.0
007 t|
008 041011s1943 ag ||||1| spa d
100 1 _aHarsányi, Zsolt.
_961953
245 1 0 _aPedro Pablo Rubens /
_cpor Zsolt v. Harsányi ; traducción de Mercedes Torrontegui.
260 _aBuenos Aires :
_bCompañía Editora del Plata,
_c[1943] (
_fEsmeralda)
300 _a808 p., 24 lám. ;
_c24 cm.
700 1 _aTorrontegui, Mercedes.
_9111061
852 _aES-MaACL
_jB-10002
_bR.21334
999 _c78143
_d78143